Which Aussie Actor/Actress by Picture? - Statistics

General Stats
  • This quiz has been taken 100 times
  • The average score is 11 of 28
Answer Stats
Picture Answer % Correct
Hugh Jackman
85%
Chris Hemsworth
83%
Margot Robbie
80%
Nicole Kidman
76%
Mel Gibson
73%
Cate Blanchett
69%
Hugo Weaving
61%
Eric Bana
55%
Isla Fisher
55%
Geoffrey Rush
53%
Heath Ledger
46%
Naomi Watts
45%
Guy Pearce
44%
Toni Collette
40%
Rose Byrne
33%
Sam Worthington
29%
Anthony LaPaglia
26%
Errol Flynn
19%
David Wenham
15%
Ben Mendelsohn
14%
Richard Roxburgh
14%
Abbie Cornish
13%
Jack Thompson
10%
David Gulpilil
6%
Steve Bisley
6%
Travis Fimmel
6%
Aaron Pedersen
4%
Brendan Cowell
3%
No matching quizzes found
Score Distribution
Percent of People with Each Score
Percentile by Number Answered
Your Score History
You have not taken this quiz